000 00826cam a22002651 4500
001 s 13000053
003 DLC
005 20260227111910.0
008 780314s1860 dcua f000 0 eng c
010 _as 13000053
035 _a(OCoLC)3716948
040 _aSmithsonian Inst. Library
_cNGenoU
_dDLC
042 _apremarc
043 _ae------
_an------
045 _aw3w3
050 0 0 _aQ11
_b.S68
100 1 _aLoomis, Elias,
_d1811-1889.
245 1 0 _aOn certain storms in Europe and America,
_bDecember, 1836.
_cBy Elias Loomis.
260 _a[Washington,
_bSmithsonian Institution,
_c1860]
300 _a1 p. l., 26 p.
_bcharts.
_c33 cm.
490 0 _aSmithsonian contributions to knowledge. [vol. XI, art. 8]
490 0 _aSmithsonian Institution publication 127.
650 0 _aMeteorology.
650 0 _aStorms.
999 _c52624
_d52624